| 000 | 00700cam a2200241 a 4500 | ||
|---|---|---|---|
| 999 |
_c3092 _d3092 |
||
| 001 | 7134 | ||
| 003 | BD-DhUAP | ||
| 005 | 20200302095243.0 | ||
| 008 | 940715r19951999enka b 001 0 eng | ||
| 020 | _a1856692809 | ||
| 040 |
_aBD-DhUAP _bEng _cBD-DhUAP _dBD-DhUAP |
||
| 082 | 0 | 0 |
_a728.5 RIE _223 |
| 100 | 1 | _aRiewoldt, Otto. | |
| 245 | 1 | 0 |
_aNew hotel design / _cOtto Riewoldt. |
| 260 |
_aLondon : _bLaurence King Publishing, _c c2002. |
||
| 300 |
_a239 pages : _billustrations ; _c30cm. |
||
| 500 | _aIncludes index. | ||
| 650 | 0 | 0 |
_aHotels _xPlanning. |
| 650 | 0 | 0 |
_aResorts _xPlanning. |
| 650 | 0 | 0 |
_aHotels _xDesign and construction. |
| 650 | 0 | 0 |
_aResorts _xDesign and construction. |
| 942 |
_2ddc _cBK |
||